Statistics for Site Reliability Engineer Quiz

Click here to take the quiz!

General Stats

  • This quiz has been taken 63 times
  • The average score is 3 of 6

Answer Stats

QuestionAnswer% Correct
Where did the term "Site Reliability Engineering" (SRE) originate?B. Google
78%
You need a degree in computer science to become a SRE.False
78%
What is the goal of a Site Reliability Engineer?D. A & C
61%
What are the four golden signals of monitoring?Latency, Traffic, Errors, and Saturation
27%
What is the best lunch spot?A. Cava
24%
Who do SREs' work with?A. Machiene learning engineers, software developers, system/software engineers
18%

Score Distribution

Percentile by Number Answered

Percent of People with Each Score

Your Score History

You have not taken this quiz